Antecedentes para el estudio del empleo en café: Costa Rica
Algunas características del desarrollo del café en Costa Rica de 1840 en adelante, agrupa el desarrollo histórico-geográfico del cultivo del café en los siguientes periodos: a. de 1840 a la crisis del 29, b. de la gran depresión a la segunda post-guerra, c. de 1950 en adelante, hace enfasis en el úl...
Guardat en:
| Autor principal: | |
|---|---|
| Format: | Text |
| Publicat: |
San José:
CSUCA
|
| Matèries: | |
| Etiquetes: |
Afegir etiqueta
Sense etiquetes, Sigues el primer a etiquetar aquest registre!
|
MARC
| LEADER | 00000 a a2200000 04500 | ||
|---|---|---|---|
| 001 | 19917 | ||
| 003 | |||
| 040 | |||
| 090 | |a 081000 | ||
| 100 | |a Raventós Vorst, Ciska | ||
| 245 | |a Antecedentes para el estudio del empleo en café: Costa Rica | ||
| 260 | |a San José: |b CSUCA | ||
| 300 | |a 45 p. | ||
| 520 | |a Algunas características del desarrollo del café en Costa Rica de 1840 en adelante, agrupa el desarrollo histórico-geográfico del cultivo del café en los siguientes periodos: a. de 1840 a la crisis del 29, b. de la gran depresión a la segunda post-guerra, c. de 1950 en adelante, hace enfasis en el último periodo, analizando variables como: aumento de precios, participación de nuevos sectores sociales, incorporación de nuevas áreas, y aumento de la tecnología, incluye algunas características del empleo en la actividad cafetalera./ACM | ||
| 650 | |a CAFE | ||
| 650 | |a TRABAJADORES AGRICOLAS | ||
| 650 | |a HISTORIA | ||
| 650 | |a PUB. CSUCA | ||
| 999 | |c 15165 |d 15165 | ||
